| Tag |
First Indicator |
Second Indicator |
Subfields |
| LEADER |
00000cam a2200000 4500 |
| 001 |
in00000052356 |
| 005 |
20151007070112.0 |
| 008 |
760714s1957 ii a b 00010 eng d |
| 035 |
|
|
|a (OCoLC)02311925
|
| 035 |
|
|
|9 AAE3339AM
|
| 040 |
|
|
|a AKR
|c AKR
|d TXA
|d UtOrBLW
|
| 049 |
|
|
|a TXAM
|c [417320]
|
| 090 |
|
|
|a QC776
|b .S3
|
| 092 |
|
|
|a 539.72
|b S131t, 1957
|
| 100 |
1 |
|
|a Saha, Ajit Kumar.
|
| 245 |
1 |
0 |
|a Theory and applications of nuclear induction /
|c by Ajit Kumar Saha and Tara Prasad Das.
|
| 264 |
|
1 |
|a Calcutta :
|b Saha Institute of Nuclear Physics,
|c 1957.
|
| 300 |
|
|
|a 516 pages :
|b illustrations
|
| 336 |
|
|
|a text
|b txt
|2 rdacontent
|
| 337 |
|
|
|a unmediated
|b n
|2 rdamedia
|
| 338 |
|
|
|a volume
|b nc
|2 rdacarrier
|
| 504 |
|
|
|a Includes bibliography.
|
| 650 |
|
0 |
|a Nuclear induction.
|
| 700 |
1 |
|
|a Das, Tara P.
|
| 999 |
|
|
|a MARS
|
| 999 |
f |
f |
|s 02a42841-1bb6-34af-adc7-b90db1fda351
|i 06702e8d-88fb-3660-868d-e62895512387
|t 0
|
| 952 |
f |
f |
|p ric
|a Texas A&M University
|b Rellis Campus
|c Joint Library Facility
|d Remote Storage
|t 0
|e QC776 .S3
|h Library of Congress classification
|i unmediated -- volume
|m A14800929675
|
| 998 |
f |
f |
|a QC776 .S3
|t 0
|l Remote Storage
|